| 000 | 00478cam a2200193ua 4500 | ||
|---|---|---|---|
| 001 | 11808 | ||
| 008 | 191109n ii |||gr||||Z||||||eng | ||
| 020 | _a9788180303319 | ||
| 040 | _cMAIN | ||
| 082 | _a514 | ||
| 100 |
_aP. K. Chaurasya, _eAuthor., |
||
| 245 |
_aTopology _cBy P. K. Chaurasya |
||
| 250 | _a1st ed. | ||
| 260 |
_aNew Delhi: _bCampus books international, _c2017. |
||
| 300 | _a238p. | ||
| 653 | _aTopology | ||
| 700 |
_aAkhilesh Pawar., _eAuthor. |
||
| 942 | _cBK | ||
| 999 |
_c10603 _d10603 |
||